Les films avec Georges Clooney - Statistiques

Statistiques générales
  • Ce quiz a été pris 15 fois
  • Le résultat moyen est 5 sur 20
Statistiques - réponses
Hint Réponse % Correct
Un voleur d'exception et un chef d'équipe Ocean's eleven
93%
Un prisonnier évadé de prison avec ses deux comparses O'Brother
71%
Un astronaute perdu dans l'espace Gravity
57%
Un superhéros Comics sans pouvoir Batman et Robin
43%
Un soldat chargé de récupérer les œuvres d'art volés par les nazis Monuments Men
43%
Un capitaine de bateau de pêche En pleine tempête
29%
Un spécialiste du licenciement qui passe sa vie en avion In the Air
29%
Un avocat qui emmène les deux filles de sa défunte épouse sur l'île Kauai The Descendants
29%
Un délinquant qui se bat contre une horde de vampires Une nuit en enfer
29%
Un présentateur de télévision vedette pris en otage Money Monster
21%
Un père qui part à Bali marier sa fille Ticket to Paradise
21%
Un avocat redoutable spécialiste des divorces Intolérable cruauté
14%
Un soldat durant la bataille de Guadalcanal La ligne rouge
14%
Un lieutenant colonel chargé de retrouver des ogives nucléaires Le Pacificateur
14%
Un inventeur qui amène une adolescente à Tomorrowland A la poursuite de demain
7%
Un agent de la CIA qui coache un producteur de jeux télé Confessions d'un homme dangereux
7%
Un pizzaïlo qui va sauver le monde de légumes dangereux Le Retour des tomates tueuses
7%
Un candidat à l'investiture démocrates aux élections primaires Les Marches du pouvoir
7%
Un scientifique sous dialyse qui cherche une planète habitable Minuit dans l'univers
0%
Un agent de la CIA qui enquête dans l'univers de l'industrie pétrolière Syriana
0%
Aucun quiz correspondant
Distribution des résultats
% des personnes avec chaque résultat
Percentile par nombre de réponses
Votre historique - résultats
Vous n’avez pas pris ce quiz